京都都市圏自治体ネットワークに含まれる自治体 - Statistics

General Stats
  • This quiz has been taken 104 times
  • The average score is 23 of 30
Answer Stats
Answer % Correct
大津市
92%
草津市
92%
宇治市
92%
亀岡市
92%
長岡京市
92%
京都市
90%
向日市
89%
高島市
85%
城陽市
85%
木津川市
85%
守山市
84%
栗東市
84%
近江八幡市
82%
大山崎町
82%
甲賀市
81%
野洲市
81%
京田辺市
81%
南丹市
81%
高槻市
81%
八幡市
78%
東近江市
76%
島本町
73%
精華町
68%
湖南市
63%
宇治田原町
63%
久御山町
62%
竜王町
53%
日野町
52%
京丹波町
49%
井手町
48%
No matching quizzes found
Score Distribution
Percent of People with Each Score
Percentile by Number Answered
Your Score History
You have not taken this quiz